[Event "Lloyds Bank Masters 9th"]
[Site "London, Park Lane Hotel"]
[Date "1985.08.25"]
[Round "5"]
[White "Meetei, Anathem B"]
[Black "Morovic Fernandez, Ivan"]
[Result "0-1"]
[WhiteElo "2335"]
[BlackElo "2470"]
[PlyCount "89"]
[EventDate "1985.08.21"]
[EventType "swiss"]
[EventRounds "9"]
[EventCountry "ENG"]
[Source "John Saunders"]
[SourceDate "2016.01.19"]

1. e4 c5 2. Nf3 e6 3. d4 cxd4 4. Nxd4 Nf6 5. Nc3 d6 6. g4 h6 7. h4 Nc6 8. Rg1
h5 9. gxh5 Nxh5 10. Be2 Nf6 11. Bg5 Qb6 12. Nb3 Bd7 13. h5 a6 14. h6 Rh7 15.
Qd2 Rc8 16. O-O-O Nb4 17. Kb1 Rxc3 18. Bxf6 Rxc2 19. hxg7 Rxd2 20. g8=Q Rxd1+
21. Rxd1 Qxf2 22. Nd4 Qxf6 23. Qxh7 Nc6 24. Nxc6 Bxc6 25. Rf1 Qg7 26. Qxg7
Bxe4+ 27. Kc1 Bxg7 28. Bh5 Bg6 29. Bxg6 fxg6 30. Kc2 g5 31. Rf3 b6 32. b4 Be5
33. Ra3 g4 34. Kd3 g3 35. Ke2 Kd7 36. Rxa6 Kc6 37. a4 Kb7 38. b5 Bd4 39. Kf3
Bf2 40. a5 e5 41. Kg2 e4 42. Kh3 d5 43. Kg2 bxa5 44. Rd6 d4 45. Rc6 0-1

[Event "Lloyds Bank Masters 9th"]
[Site "London, Park Lane Hotel"]
[Date "1985.08.25"]
[Round "5"]
[White "Nicholson, John G"]
[Black "Schulte, Oliver"]
[Result "1-0"]
[WhiteElo "2315"]
[BlackElo "2345"]
[PlyCount "65"]
[EventDate "1985.08.21"]
[EventType "swiss"]
[EventRounds "9"]
[EventCountry "ENG"]
[Source "John Saunders"]
[SourceDate "2016.01.19"]

1. e4 Nf6 2. e5 Nd5 3. d4 d6 4. Nf3 Bg4 5. Be2 c6 6. c4 Nb6 7. Nbd2 N8d7 8. Ng5
Bxe2 9. e6 f6 10. Qxe2 fxg5 11. exd7+ Qxd7 12. Ne4 Qe6 13. c5 dxc5 14. dxc5 Nd5
15. Bxg5 h6 16. Bd2 O-O-O 17. Nd6+ Kd7 18. Qxe6+ Kxe6 19. Nxb7 Rb8 20. Na5 Kd7
21. Nc4 Rb5 22. O-O g5 23. Rac1 Bg7 24. b3 Rf8 25. Rfd1 Kc7 26. g3 Rxc5 27. b4
Rb5 28. a4 Rbb8 29. b5 e6 30. Ba5+ Kd7 31. bxc6+ Kxc6 32. Ne5+ Kd6 33. Bc7+ 1-0

[Event "Lloyds Bank Masters 9th"]
[Site "London, Park Lane Hotel"]
[Date "1985.08.25"]
[Round "5"]
[White "Thomas, Ian L"]
[Black "Knoppert, Erik GJ"]
[Result "1-0"]
[WhiteElo "2295"]
[BlackElo "2305"]
[PlyCount "107"]
[EventDate "1985.08.21"]
[EventType "swiss"]
[EventRounds "9"]
[EventCountry "ENG"]
[Source "John Saunders"]
[SourceDate "2016.01.19"]

1. e4 c5 2. Nf3 Nc6 3. Be2 g6 4. O-O Bg7 5. c3 Nf6 6. d3 O-O 7. Be3 b6 8. h3 c4
9. dxc4 Nxe4 10. Nd4 Bb7 11. Nd2 Nc5 12. b4 Nxd4 13. cxd4 Ne6 14. Nb3 d5 15. c5
a5 16. a3 a4 17. Nc1 bxc5 18. bxc5 Nxc5 19. Rb1 Nb3 20. Nxb3 axb3 21. Rxb3 Bc6
22. Rc3 Qd7 23. Qd2 Rfc8 24. Rfc1 e6 25. Bh6 Bh8 26. Qf4 Bg7 27. Bxg7 Kxg7 28.
h4 h6 29. Bg4 h5 30. Be2 Qe8 31. Qe5+ f6 32. Qd6 Qd7 33. Qg3 Kf7 34. Bd3 f5 35.
Qe5 Qe8 36. Be2 Bd7 37. Rc7 Rxc7 38. Rxc7 Rc8 39. Bb5 Rxc7 40. Qxc7 Ke7 41. a4
Qd8 42. Qc5+ Ke8 43. Qd6 Qe7 44. Qb8+ Kf7 45. g3 Bxb5 46. axb5 Qb4 47. Qc7+ Ke8
48. b6 Qe1+ 49. Kg2 Qe4+ 50. Kh2 Qxd4 51. Kg1 Qa1+ 52. Kg2 Qa5 53. Qc6+ Kd8 54.
Qd6+ 1-0

[Event "Lloyds Bank Masters 9th"]
[Site "London, Park Lane Hotel"]
[Date "1985.08.26"]
[Round "6"]
[White "Ady, Jonathan James"]
[Black "Berg, Klaus"]
[Result "0-1"]
[WhiteElo "2310"]
[BlackElo "2350"]
[PlyCount "84"]
[EventDate "1985.08.21"]
[EventType "swiss"]
[EventRounds "9"]
[EventCountry "ENG"]
[Source "John Saunders"]
[SourceDate "2016.01.19"]

1. e4 c6 2. d4 d5 3. e5 Bf5 4. Nc3 e6 5. g4 Bg6 6. Nge2 c5 7. h4 h5 8. Nf4 Bh7
9. Nxh5 cxd4 10. Qxd4 Nc6 11. Bb5 Nge7 12. Bg5 a6 13. Bxe7 axb5 14. Bxd8 Nxd4
15. O-O-O b4 16. Nb1 Nxc2 17. Bf6 b3 18. axb3 Na1 19. Rh3 gxf6 20. Nxf6+ Kd8
21. Nxh7 Rxh7 22. Na3 Bxa3 23. bxa3 Rxa3 24. Rdd3 Ra2 25. Rd2 Rxh4 26. Rxa2
Rxh3 27. Rxa1 Rh2 28. Ra2 Rg2 29. Re2 Rxg4 30. f3 Rf4 31. Rf2 Kd7 32. Kd2 d4
33. Ke2 Kc6 34. Rf1 Rf5 35. f4 Kd5 36. Kf3 f6 37. exf6 e5 38. Kg4 Rxf6 39. f5
d3 40. Ra1 Rf8 41. Ra4 d2 42. Ra1 Kd4 0-1

[Event "Lloyds Bank Masters 9th"]
[Site "London, Park Lane Hotel"]
[Date "1985.08.26"]
[Round "6"]
[White "Chandler, Murray G"]
[Black "Wells, Peter K"]
[Result "1/2-1/2"]
[WhiteElo "2525"]
[BlackElo "2365"]
[PlyCount "98"]
[EventDate "1985.08.21"]
[EventType "swiss"]
[EventRounds "9"]
[EventCountry "ENG"]
[Source "John Saunders"]
[SourceDate "2016.01.19"]

1. e4 c6 2. d4 d5 3. Nd2 dxe4 4. Nxe4 Nd7 5. Nf3 Ngf6 6. Ng3 e6 7. Bd3 c5 8.
O-O cxd4 9. Nxd4 Bc5 10. Nf3 O-O 11. Qe2 b6 12. Bf4 Bb7 13. Rad1 Qc8 14. Kh1
Rd8 15. Ng5 Be7 16. Nf5 Bf8 17. Nd4 Re8 18. Nb5 e5 19. Bg3 h6 20. Ne4 Nxe4 21.
Bxe4 Bxe4 22. Qxe4 Nf6 23. Qe2 Qc6 24. c4 a6 25. Nc3 Rac8 26. b3 b5 27. Rc1 Ba3
28. Rc2 e4 29. Rd1 Bb4 30. Nd5 Nxd5 31. Rxd5 bxc4 32. bxc4 Red8 33. Rxd8+ Rxd8
34. h3 Qc5 35. Qxe4 h5 36. Kh2 Rc8 37. Qf3 a5 38. h4 Qd4 39. a3 Bd6 40. Bxd6
Qxd6+ 41. g3 Rc5 42. Re2 Qd7 43. Re4 g6 44. Qe3 Rf5 45. c5 Qc6 46. Re5 Rf3 47.
Qd2 Rxa3 48. Qd8+ Kg7 49. Re8 Qxc5 1/2-1/2

[Event "Lloyds Bank Masters 9th"]
[Site "London, Park Lane Hotel"]
[Date "1985.08.26"]
[Round "6"]
[White "Curtin, Eugene"]
[Black "Crawley, Gavin"]
[Result "0-1"]
[WhiteElo "2275"]
[BlackElo "2285"]
[PlyCount "85"]
[EventDate "1985.08.21"]
[EventType "swiss"]
[EventRounds "9"]
[EventCountry "ENG"]
[Source "John Saunders"]
[SourceDate "2016.01.19"]

1. d4 Nf6 2. c4 e6 3. g3 a6 4. Bg2 c5 5. Nf3 b5 6. dxc5 Bxc5 7. Ne5 Ra7 8. Nd3
Bd4 9. c5 Qc7 10. O-O Bb7 11. Bxb7 Rxb7 12. Nc3 Bxc5 13. Bf4 Bd6 14. Bxd6 Qxd6
15. e4 Nc6 16. Re1 Ne5 17. Nxe5 Qxe5 18. Qd3 O-O 19. Rac1 Rc7 20. a3 Rfc8 21.
Kg2 Rc4 22. Rcd1 R8c5 23. Qd6 Qxd6 24. Rxd6 Rc6 25. Rd2 d6 26. e5 Ne8 27. exd6
Rxd6 28. Rxd6 Nxd6 29. Rd1 Ne8 30. Rd8 Kf8 31. Ra8 Rc6 32. Na2 Rc2 33. Nb4 Rxb2
34. Nxa6 Ke7 35. Ra7+ Kf6 36. Nc5 Nd6 37. Rd7 Nc4 38. Ne4+ Ke5 39. Ng5 f5 40.
Nxh7 Ne3+ 41. Kh3 Rxf2 42. Nf8 g5 43. Rc7 0-1

[Event "Lloyds Bank Masters 9th"]
[Site "London, Park Lane Hotel"]
[Date "1985.08.26"]
[Round "6"]
[White "Hebden, Mark"]
[Black "McKay, Roderick M"]
[Result "1/2-1/2"]
[WhiteElo "2455"]
[BlackElo "2385"]
[PlyCount "96"]
[EventDate "1985.08.21"]
[EventType "swiss"]
[EventRounds "9"]
[EventCountry "ENG"]
[Source "John Saunders"]
[SourceDate "2016.01.19"]

1. e4 c5 2. f4 d5 3. Nc3 d4 4. Nb1 Nf6 5. Bb5+ Nfd7 6. a4 a6 7. Bc4 e6 8. d3
Nc6 9. Nf3 Be7 10. O-O O-O 11. Qe1 Qc7 12. a5 b5 13. axb6 Nxb6 14. Na3 Nb4 15.
Qe2 Bd7 16. Ne5 Nxc4 17. Naxc4 Bb5 18. f5 f6 19. Ng6 hxg6 20. fxg6 Be8 21. Qh5
Bxg6 22. Qxg6 Bd8 23. Rf2 Qf7 24. Qxf7+ Rxf7 25. b3 Bc7 26. Ba3 a5 27. Bxb4
cxb4 28. Rf3 g5 29. g4 Kg7 30. Kg2 Kg6 31. h3 Rh7 32. Rff1 Rah8 33. Rh1 Ra8 34.
Raf1 Rhh8 35. Ra1 Rh7 36. Ra4 Rh4 37. Nd2 Rh7 38. Raa1 Bf4 39. Nc4 Bc7 40. Ra2
Rah8 41. Nd2 Rc8 42. Nf3 Bf4 43. Nxd4 Rhc7 44. Nxe6 Rxc2+ 45. Rxc2 Rxc2+ 46.
Kf3 Rc3 47. Nxf4+ gxf4 48. Ra1 Rxd3+ 1/2-1/2

[Event "Lloyds Bank Masters 9th"]
[Site "London, Park Lane Hotel"]
[Date "1985.08.26"]
[Round "6"]
[White "Howell, James C"]
[Black "Carlier, Bruno"]
[Result "1-0"]
[WhiteElo "2270"]
[BlackElo "2300"]
[PlyCount "57"]
[EventDate "1985.08.21"]
[EventType "swiss"]
[EventRounds "9"]
[EventCountry "ENG"]
[Source "John Saunders"]
[SourceDate "2016.01.19"]

1. e4 c5 2. c3 d6 3. d4 Nf6 4. Bd3 cxd4 5. cxd4 g6 6. Nf3 Bg7 7. O-O O-O 8. h3
Nc6 9. Nc3 e5 10. d5 Nd4 11. Nxd4 exd4 12. Nb5 Nh5 13. Be2 Qb6 14. a4 a6 15. a5
Qd8 16. Nxd4 Re8 17. Bxh5 Rxe4 18. Ra4 gxh5 19. Nc6 bxc6 20. Rxe4 Bf5 21. Rf4
Bg6 22. dxc6 Qxa5 23. Qxd6 Rd8 24. Qb4 Qd5 25. Qb7 Re8 26. Qd7 Qe6 27. Qxe6
fxe6 28. Rd1 Rc8 29. c7 1-0

[Event "Lloyds Bank Masters 9th"]
[Site "London, Park Lane Hotel"]
[Date "1985.08.26"]
[Round "6"]
[White "Morovic Fernandez, Ivan"]
[Black "Bowden, Karl"]
[Result "1/2-1/2"]
[WhiteElo "2470"]
[BlackElo "2250"]
[PlyCount "90"]
[EventDate "1985.08.21"]
[EventType "swiss"]
[EventRounds "9"]
[EventCountry "ENG"]
[Source "John Saunders"]
[SourceDate "2016.01.19"]

1. d4 Nf6 2. Nf3 g6 3. c4 Bg7 4. g3 O-O 5. Bg2 d6 6. O-O c5 7. Nc3 Nc6 8. dxc5
dxc5 9. Be3 Be6 10. Bxc5 Qa5 11. Ba3 Bxc4 12. Nd4 Nxd4 13. Qxd4 Rac8 14. Qf4
Nh5 15. Qf3 Bxc3 16. Qxc3 Qxc3 17. bxc3 Rc7 18. Rfd1 Ng7 19. Rd2 Nf5 20. Rad1
Be6 21. Rd8 Rxd8 22. Rxd8+ Kg7 23. Bd5 Bxd5 24. Rxd5 Nd6 25. f3 Rc6 26. Ra5 a6
27. Rd5 Kf6 28. Kf2 Ke6 29. Rd3 Nc4 30. Bc1 b5 31. Rd4 Nb6 32. Re4+ Kd7 33. Ba3
e6 34. Rd4+ Kc7 35. Bb4 Rc4 36. e4 Rc6 37. Ba5 Kc8 38. Bxb6 Rxb6 39. Ke3 Kc7
40. a3 Rc6 41. Kd3 Rc5 42. f4 Rc6 43. g4 Kc8 44. h4 Rc7 45. Rd6 Rc4 1/2-1/2

[Event "Lloyds Bank Masters 9th"]
[Site "London, Park Lane Hotel"]
[Date "1985.08.26"]
[Round "6"]
[White "Nicholson, John G"]
[Black "Ivell, Nicholas W"]
[Result "0-1"]
[WhiteElo "2315"]
[BlackElo "2350"]
[PlyCount "86"]
[EventDate "1985.08.21"]
[EventType "swiss"]
[EventRounds "9"]
[EventCountry "ENG"]
[Source "John Saunders"]
[SourceDate "2016.01.19"]

1. e4 c5 2. Nf3 e6 3. d4 cxd4 4. Nxd4 Nf6 5. Nc3 d6 6. Be2 Be7 7. O-O O-O 8. f4
a6 9. Kh1 Qc7 10. a4 Nc6 11. Be3 Rd8 12. Bd3 Nxd4 13. Bxd4 e5 14. Be3 Be6 15.
a5 Qc6 16. f5 Bc4 17. Bg5 Rac8 18. Rf2 b5 19. Bxc4 Qxc4 20. Bxf6 Bxf6 21. Qf3
Qb4 22. Ra2 Rc4 23. Rf1 Qc5 24. Qh5 b4 25. Nd5 Rxe4 26. Nxf6+ gxf6 27. Raa1 Qe3
28. Rad1 Rf4 29. h3 d5 30. Rfe1 Qg3 31. Rg1 e4 32. Qe2 Rd6 33. Rgf1 d4 34. Qc4
Rxf1+ 35. Rxf1 b3 36. cxb3 Qe5 37. Qe2 Rc6 38. b4 d3 39. Qe3 Rc2 40. Rf4 Re2
41. Rg4+ Kf8 42. Qh6+ Ke7 43. Qc1 d2 0-1

[Event "Lloyds Bank Masters 9th"]
[Site "London, Park Lane Hotel"]
[Date "1985.08.26"]
[Round "6"]
[White "Stein, Bernd"]
[Black "Johansen, Darryl Keith"]
[Result "1-0"]
[WhiteElo "2365"]
[BlackElo "2410"]
[PlyCount "47"]
[EventDate "1985.08.21"]
[EventType "swiss"]
[EventRounds "9"]
[EventCountry "ENG"]
[Source "John Saunders"]
[SourceDate "2016.01.19"]

1. b3 d5 2. Bb2 Nf6 3. e3 c6 4. Nf3 Bg4 5. Be2 Nbd7 6. O-O Bxf3 7. Bxf3 e5 8.
c4 dxc4 9. bxc4 e4 10. Be2 Bd6 11. d4 h5 12. f4 exf3 13. gxf3 Ng4 14. fxg4 Qh4
15. Rf2 hxg4 16. Bxg4 Bxh2+ 17. Kf1 Nf6 18. Rg2 Bd6 19. Nd2 Rh6 20. Qf3 Kf8 21.
Ke2 Rg6 22. Bf5 Rxg2+ 23. Qxg2 Re8 24. Rh1 1-0

[Event "Lloyds Bank Masters 9th"]
[Site "London, Park Lane Hotel"]
[Date "1985.08.26"]
[Round "6"]
[White "Lalic, Susan Kathryn"]
[Black "Colias, Billy"]
[Result "1-0"]
[WhiteElo "2050"]
[BlackElo "2315"]
[PlyCount "77"]
[EventDate "1985.08.21"]
[EventType "swiss"]
[EventRounds "9"]
[EventCountry "ENG"]
[Source "John Saunders"]
[SourceDate "2016.01.19"]

1. e4 e6 2. d4 d5 3. Nc3 Bb4 4. e5 c5 5. Qg4 Ne7 6. Nf3 Nbc6 7. Bd3 Qa5 8. Bd2
cxd4 9. Nxd4 Nxd4 10. Qxd4 Nc6 11. Qg4 d4 12. Qxg7 Rf8 13. Ne4 Bxd2+ 14. Nxd2
Qxe5+ 15. Qxe5 Nxe5 16. Nb3 Nc6 17. Bb5 Bd7 18. Nxd4 Nxd4 19. Bxd7+ Kxd7 20.
O-O-O e5 21. c3 Rac8 22. Kb1 f5 23. cxd4 e4 24. Rc1 Kd6 25. Rc3 Kd5 26. Rhc1
Rxc3 27. bxc3 f4 28. Kc2 Rg8 29. Rg1 h5 30. g3 h4 31. Rb1 hxg3 32. hxg3 fxg3
33. fxg3 Rxg3 34. Rxb7 e3 35. Re7 e2 36. Re5+ Kd6 37. Rxe2 a5 38. a4 Rg1 39.
Re5 1-0

[Event "Lloyds Bank Masters 9th"]
[Site "London, Park Lane Hotel"]
[Date "1985.08.27"]
[Round "7"]
[White "Bowden, Karl"]
[Black "Thipsay, Praveen Mahadeo"]
[Result "1/2-1/2"]
[WhiteElo "2250"]
[BlackElo "2495"]
[PlyCount "76"]
[EventDate "1985.08.21"]
[EventType "swiss"]
[EventRounds "9"]
[EventCountry "ENG"]
[Source "John Saunders"]
[SourceDate "2016.01.19"]

1. e4 e5 2. Bc4 Nf6 3. d3 Nc6 4. Nf3 Bc5 5. O-O d6 6. c3 a6 7. Bb3 O-O 8. Nbd2
Ba7 9. Re1 h6 10. Nf1 Be6 11. Ng3 Qd7 12. Be3 Rfe8 13. Bxa7 Rxa7 14. Bxe6 Qxe6
15. d4 Ne7 16. d5 Qd7 17. c4 b6 18. Nh4 Kh7 19. Rc1 a5 20. Rc3 Neg8 21. Ngf5 g6
22. Ng3 Qe7 23. Nf3 Rf8 24. Nd2 Nd7 25. Rf1 Ngf6 26. Ne2 Raa8 27. b3 Nh5 28.
Qc2 Rae8 29. a3 Ng7 30. b4 axb4 31. axb4 f5 32. Ra1 Ra8 33. Rca3 Rxa3 34. Rxa3
Nf6 35. Ra7 Qf7 36. Nc3 fxe4 37. Ndxe4 Nge8 38. Qe2 Nxe4 1/2-1/2

[Event "Lloyds Bank Masters 9th"]
[Site "London, Park Lane Hotel"]
[Date "1985.08.27"]
[Round "7"]
[White "Carlier, Bruno"]
[Black "Anagnostopoulos, Dimitrios"]
[Result "1-0"]
[WhiteElo "2300"]
[BlackElo "2275"]
[PlyCount "61"]
[EventDate "1985.08.21"]
[EventType "swiss"]
[EventRounds "9"]
[EventCountry "ENG"]
[Source "John Saunders"]
[SourceDate "2016.01.19"]

1. e4 c5 2. Nf3 d6 3. d4 cxd4 4. Nxd4 Nf6 5. Nc3 a6 6. Be3 e5 7. Nb3 Be6 8. Qd2
Nbd7 9. f3 Be7 10. O-O-O b5 11. g4 Nb6 12. g5 Nfd7 13. Na5 Qc7 14. Nd5 Bxd5 15.
exd5 Rc8 16. Kb1 Nxd5 17. Qxd5 Qxa5 18. Bh3 Qc7 19. f4 Rd8 20. f5 Rb8 21. Bg2
O-O 22. Qf3 Rfc8 23. Rd2 Bf8 24. Qh3 Kh8 25. g6 fxg6 26. fxg6 h6 27. Rf1 Qd8
28. Rdf2 Rc7 29. Rf7 Nf6 30. R1xf6 gxf6 31. Bxh6 1-0

[Event "Lloyds Bank Masters 9th"]
[Site "London, Park Lane Hotel"]
[Date "1985.08.27"]
[Round "7"]
[White "Cooley, Christopher Martin"]
[Black "Mestel, A Jonathan"]
[Result "0-1"]
[WhiteElo "2280"]
[BlackElo "2535"]
[PlyCount "84"]
[EventDate "1985.08.21"]
[EventType "swiss"]
[EventRounds "9"]
[EventCountry "ENG"]
[Source "John Saunders"]
[SourceDate "2016.01.19"]

1. e4 e6 2. d4 d5 3. e5 c5 4. c3 Qb6 5. Nf3 Nc6 6. a3 c4 7. Nbd2 Na5 8. g3 Bd7
9. Bh3 h6 10. O-O O-O-O 11. Ne1 Ne7 12. Ng2 f5 13. exf6 gxf6 14. Qh5 Rg8 15.
Re1 Ng6 16. Rb1 Re8 17. Nf3 Bxa3 18. Nfh4 Nxh4 19. Nxh4 Bd6 20. Ng6 Qc7 21.
Bxh6 Nc6 22. Bg2 Ne7 23. Nf4 Nf5 24. Nxe6 Rxe6 25. Rxe6 Bxe6 26. Bxd5 Ng7 27.
Bxg7 Bxd5 28. Qxd5 Rxg7 29. Qe6+ Kb8 30. Qxf6 Rf7 31. Qg5 a6 32. Re1 Ka7 33.
Qd5 Rd7 34. Qg8 Qb6 35. Re2 Qc6 36. Re8 Bc7 37. Re6 Qf3 38. Re8 Rf7 39. Ra8+
Kb6 40. Qg6+ Rf6 41. Qc2 Bxg3 42. hxg3 Rh6 0-1

[Event "Lloyds Bank Masters 9th"]
[Site "London, Park Lane Hotel"]
[Date "1985.08.27"]
[Round "7"]
[White "Cox, John J"]
[Black "Nicholson, John G"]
[Result "0-1"]
[WhiteElo "2310"]
[BlackElo "2315"]
[PlyCount "66"]
[EventDate "1985.08.21"]
[EventType "swiss"]
[EventRounds "9"]
[EventCountry "ENG"]
[Source "John Saunders"]
[SourceDate "2016.01.19"]

1. d4 Nf6 2. Nc3 c5 3. d5 g6 4. e4 d6 5. Nf3 Bg7 6. Be2 O-O 7. O-O Na6 8. Re1
Nc7 9. Bf4 Nh5 10. Be3 e5 11. dxe6 Bxe6 12. Qd2 Qe7 13. Rad1 Rfd8 14. Ng5 Nf6
15. Bf4 d5 16. Nxe6 fxe6 17. e5 Nd7 18. Bg5 Qf7 19. Bxd8 Rxd8 20. Rf1 Rf8 21.
f4 Bh6 22. g3 Nxe5 23. Qe3 Nd7 24. Nb5 d4 25. Qb3 Nd5 26. Bc4 N7b6 27. Bxd5
Nxd5 28. Rde1 Ne3 29. Rf3 c4 30. Qa4 e5 31. Nd6 Qd5 32. Rfxe3 dxe3 33. fxe5 e2
0-1

[Event "Lloyds Bank Masters 9th"]
[Site "London, Park Lane Hotel"]
[Date "1985.08.27"]
[Round "7"]
[White "Curtin, Eugene"]
[Black "Milligan, Helen"]
[Result "1/2-1/2"]
[WhiteElo "2275"]
[BlackElo "1925"]
[PlyCount "98"]
[EventDate "1985.08.21"]
[EventType "swiss"]
[EventRounds "9"]
[EventCountry "ENG"]
[Source "John Saunders"]
[SourceDate "2016.01.19"]

1. Nf3 Nf6 2. d4 e6 3. Bg5 Be7 4. c3 b6 5. Nbd2 Bb7 6. Bxf6 Bxf6 7. e4 O-O 8.
h4 d6 9. Bd3 Nd7 10. Qc2 e5 11. d5 Nc5 12. Be2 c6 13. b4 Nd7 14. Nc4 Be7 15.
O-O-O c5 16. b5 a6 17. Ne3 axb5 18. Bxb5 Ba6 19. Bc6 Ra7 20. c4 Nb8 21. Ba4 Bc8
22. g4 Bd7 23. Bxd7 Qxd7 24. Kd2 b5 25. cxb5 Qxb5 26. Rb1 Qa5+ 27. Kd1 Nd7 28.
Nf5 Nb6 29. Nd2 Rfa8 30. Rh3 Nc8 31. Nxe7+ Rxe7 32. a3 Rea7 33. Rhb3 Qd8 34.
Qd3 Qxh4 35. Qf3 Qe7 36. Rb8 Qc7 37. Rxa8 Rxa8 38. Nc4 Rb8 39. Rb3 Qa7 40. Kd2
Qc7 41. Qc3 h6 42. Rxb8 Qxb8 43. Qa5 Kh7 44. Qd8 Qb3 45. Qd7 Qxc4 46. Qf5+ Kg8
47. Qxc8+ Kh7 48. Qf5+ Kg8 49. Qc8+ Kh7 1/2-1/2

[Event "Lloyds Bank Masters 9th"]
[Site "London, Park Lane Hotel"]
[Date "1985.08.27"]
[Round "7"]
[White "Gutman, Lev"]
[Black "Lee, Darren"]
[Result "1-0"]
[WhiteElo "2485"]
[BlackElo "2230"]
[PlyCount "91"]
[EventDate "1985.08.21"]
[EventType "swiss"]
[EventRounds "9"]
[EventCountry "ENG"]
[Source "John Saunders"]
[SourceDate "2016.01.19"]

1. b4 d5 2. Bb2 Nf6 3. e3 Bf5 4. Bd3 Bxd3 5. cxd3 Nbd7 6. g4 h6 7. h4 e5 8. a3
a5 9. bxa5 Nc5 10. Qc2 e4 11. dxe4 dxe4 12. Nc3 Nxg4 13. Nd1 Nd3+ 14. Kf1 Qd5
15. f3 Qb5 16. Nc3 Qc4 17. fxg4 Nxb2+ 18. Nge2 Nd3 19. Kg2 Rxa5 20. Ng3 Re5 21.
Qa2 Qxa2 22. Rxa2 Nc5 23. Rf1 Be7 24. Kh3 O-O 25. Rf5 Re6 26. Nd5 Bd6 27. Nxc7
Bxc7 28. Rxc5 Bxg3 29. Kxg3 Rd8 30. Kf4 Red6 31. Kxe4 Rxd2 32. Rxd2 Rxd2 33.
Rc8+ Kh7 34. Rc7 b5 35. Rxf7 Ra2 36. Rb7 Rxa3 37. Rxb5 Ra4+ 38. Kf3 Kg6 39.
Rb6+ Kf7 40. h5 Ke7 41. e4 Ra3+ 42. Kf4 Ra5 43. e5 Ra7 44. Kf5 Kf7 45. Rd6 Rb7
46. Rd7+ 1-0

[Event "Lloyds Bank Masters 9th"]
[Site "London, Park Lane Hotel"]
[Date "1985.08.27"]
[Round "7"]
[White "Kuzmin, Gennadi P"]
[Black "Conquest, Stuart"]
[Result "1/2-1/2"]
[WhiteElo "2500"]
[BlackElo "2345"]
[PlyCount "91"]
[EventDate "1985.08.21"]
[EventType "swiss"]
[EventRounds "9"]
[EventCountry "ENG"]
[Source "John Saunders"]
[SourceDate "2016.01.19"]

1. e4 d6 2. d4 Nf6 3. Nc3 g6 4. Bf4 c6 5. Qd2 b5 6. Bd3 Nbd7 7. Nf3 Nb6 8. O-O
Bg4 9. e5 Nh5 10. exd6 Bxf3 11. gxf3 Nxf4 12. Qxf4 Qxd6 13. Qxd6 exd6 14. a4 b4
15. Rfe1+ Kd7 16. Ne2 a5 17. b3 Bg7 18. Kg2 Rae8 19. f4 Re7 20. Kf3 Nd5 21. h4
Rhe8 22. Rh1 Nf6 23. Rad1 d5 24. Ng3 h5 25. f5 Ne4 26. fxg6 fxg6 27. Kg2 Rf8
28. Nxe4 dxe4 29. Bc4 Rf4 30. d5 Rg4+ 31. Kf1 Bf6 32. dxc6+ Kxc6 33. Rg1 Rxg1+
34. Kxg1 Re5 35. Bb5+ Kc5 36. Rd7 Bxh4 37. Rc7+ Kd5 38. Rd7+ Ke6 39. Ra7 Rc5
40. Bc4+ Ke5 41. Ra6 g5 42. Rb6 Kd4 43. Rb5 Rc6 44. Rf5 Kc3 45. Bd5 Rd6 46.
Bxe4 1/2-1/2

[Event "Lloyds Bank Masters 9th"]
[Site "London, Park Lane Hotel"]
[Date "1985.08.27"]
[Round "7"]
[White "Levitt, Jonathan"]
[Black "Crawley, Gavin"]
[Result "1/2-1/2"]
[WhiteElo "2375"]
[BlackElo "2285"]
[PlyCount "82"]
[EventDate "1985.08.21"]
[EventType "swiss"]
[EventRounds "9"]
[EventCountry "ENG"]
[Source "John Saunders"]
[SourceDate "2016.01.19"]

1. d4 Nf6 2. Nf3 e6 3. c4 d5 4. Nc3 c5 5. cxd5 exd5 6. g3 Nc6 7. Bg2 Be7 8. O-O
O-O 9. Bg5 Be6 10. dxc5 Bxc5 11. Bxf6 Qxf6 12. Nxd5 Qxb2 13. Nc7 Rad8 14. Qc1
Qxc1 15. Raxc1 b6 16. Nxe6 fxe6 17. e3 Rd5 18. Nd4 Rxd4 19. exd4 Nxd4 20. Kh1
Kf7 21. Be4 h6 22. Kg2 Ke7 23. h4 a5 24. a4 e5 25. Rcd1 Ne2 26. Rde1 Nc3 27.
Bc2 Bd4 28. f4 Rc8 29. Rf3 Rc5 30. fxe5 Rxe5 31. Rxe5+ Bxe5 32. Kh3 Kd6 33. Kg4
b5 34. Rd3+ Kc5 35. Kf5 Bf6 36. axb5 a4 37. b6 Kxb6 38. Bxa4 Nxa4 39. Rd6+ Kc7
40. Rxf6 gxf6 41. Kxf6 Nc5 1/2-1/2

[Event "Lloyds Bank Masters 9th"]
[Site "London, Park Lane Hotel"]
[Date "1985.08.27"]
[Round "7"]
[White "McKay, Roderick M"]
[Black "Condie, Mark L"]
[Result "1/2-1/2"]
[WhiteElo "2385"]
[BlackElo "2405"]
[PlyCount "93"]
[EventDate "1985.08.21"]
[EventType "swiss"]
[EventRounds "9"]
[EventCountry "ENG"]
[Source "John Saunders"]
[SourceDate "2016.01.19"]

1. d4 Nf6 2. Nf3 d5 3. c4 e6 4. Nc3 Nbd7 5. cxd5 exd5 6. Bf4 c6 7. Qc2 Nh5 8.
Bd2 Be7 9. O-O-O O-O 10. e3 Re8 11. Bd3 Nf8 12. h3 Nf6 13. Ne5 Bd6 14. f4 c5
15. g4 c4 16. Be2 Bb4 17. Bf3 Bxc3 18. Bxc3 b5 19. g5 Ne4 20. Bxe4 dxe4 21. d5
Bf5 22. d6 Qb6 23. Qd2 a5 24. d7 Red8 25. Qd5 Be6 26. Bd4 Qc7 27. Qxb5 Bxd7 28.
Qb6 Qc8 29. Bc3 a4 30. a3 Ne6 31. f5 Nc5 32. g6 f6 33. Nf7 Rf8 34. Bb4 Nd3+ 35.
Kb1 Nxb4 36. Qxb4 Bxf5 37. Nd6 Qe6 38. Nxf5 Qxf5 39. gxh7+ Kh8 40. Qxc4 Qf2 41.
Qc2 Qxe3 42. Rde1 Qg3 43. Rhg1 Qd3 44. Qxd3 exd3 45. Rd1 Rad8 46. Rg3 Rfe8 47.
Rgxd3 1/2-1/2

[Event "Lloyds Bank Masters 9th"]
[Site "London, Park Lane Hotel"]
[Date "1985.08.27"]
[Round "7"]
[White "Stein, Bernd"]
[Black "Chandler, Murray G"]
[Result "0-1"]
[WhiteElo "2365"]
[BlackElo "2525"]
[PlyCount "60"]
[EventDate "1985.08.21"]
[EventType "swiss"]
[EventRounds "9"]
[EventCountry "ENG"]
[Source "John Saunders"]
[SourceDate "2016.01.19"]

1. b3 e5 2. Bb2 Nc6 3. c4 Nf6 4. e3 d5 5. cxd5 Nxd5 6. a3 Bd6 7. Qc2 Be6 8. Nf3
O-O 9. b4 a6 10. Bc4 Bxb4 11. Bxd5 Qxd5 12. axb4 Nxb4 13. Qc3 Nd3+ 14. Ke2 Qb5
15. Na3 Nf4+ 16. Kd1 Bb3+ 17. Nc2 Nd3 18. Nxe5 Nxf2+ 19. Kc1 Nxh1 20. Nd3 Qg5
21. Qxb3 Qxg2 22. Nce1 Qxh2 23. Qxb7 Nf2 24. Rxa6 Rad8 25. Kc2 c5 26. Qf3 Nxd3
27. Nxd3 Rxd3 28. Kxd3 Rd8+ 29. Kc4 Qxd2 30. Ra8 Qb4# 0-1

[Event "Lloyds Bank Masters 9th"]
[Site "London, Park Lane Hotel"]
[Date "1985.08.27"]
[Round "7"]
[White "Stepak, Yedael"]
[Black "Johansen, Darryl Keith"]
[Result "0-1"]
[WhiteElo "2310"]
[BlackElo "2410"]
[PlyCount "72"]
[EventDate "1985.08.21"]
[EventType "swiss"]
[EventRounds "9"]
[EventCountry "ENG"]
[Source "John Saunders"]
[SourceDate "2016.01.19"]

1. Nf3 g6 2. d4 f5 3. Nbd2 Nf6 4. e3 Bg7 5. Bd3 O-O 6. c3 Nc6 7. e4 d6 8. Qb3+
Kh8 9. Ng5 fxe4 10. Ndxe4 d5 11. Nc5 Qd6 12. Nxb7 Bxb7 13. Qxb7 Rab8 14. Qa6 e5
15. Bb5 Rb6 16. Qa4 exd4 17. Bxc6 dxc3 18. O-O cxb2 19. Bxb2 Rxb2 20. Rab1 Rb6
21. Rxb6 axb6 22. Re1 Ng4 23. Qxg4 Qxc6 24. h4 h5 25. Qg3 d4 26. Re7 d3 27.
Rxg7 Kxg7 28. Qe5+ Kh6 29. Nh3 Qc1+ 30. Kh2 Qc5 31. Qe1 Qd6+ 32. g3 d2 33. Qd1
Re8 34. Ng5 Kg7 35. Qb3 Qf6 36. Nf3 Rf8 0-1